logo

Bir Sreshtho Munshi Abdur Rouf Library
Jhenaidah Cadet College

একজন আমেরিকান ক্রীতদাস এর জীবন-বৃত্তান্ত / (Record no. 2860)

MARC details
000 -LEADER
fixed length control field 00800nam a2200205 4500
001 - CONTROL NUMBER
JCCL Control Number 2860
003 - CONTROL NUMBER IDENTIFIER
JCCL marc code BD-JhCC
005 - DATE AND TIME OF LATEST TRANSACTION
control field 20221124134023.0
008 - FIXED-LENGTH DATA ELEMENTS--GENERAL INFORMATION
fixed length control field 171107b2008 bg ||||| |||| 00| 0 ben d
035 ## - SYSTEM CONTROL NUMBER
system control number (BD-JhCC)
040 ## - CATALOGING SOURCE
Original cataloging agency BD-JhCC
Modifying agency BD-JhCC
041 ## - LANGUAGE CODE
Language code of Book ben
082 ## - DEWEY DECIMAL CLASSIFICATION NUMBER
Classification number 925
Author mark and Year DOG 2008
100 ## - MAIN ENTRY--PERSONAL NAME
Personal name ডগলাস, ফ্রেডারিক
245 ## - TITLE STATEMENT
Title একজন আমেরিকান ক্রীতদাস এর জীবন-বৃত্তান্ত /
Statement of responsibility, etc ফ্রেডারিক ডগলাস; খালিকুজ্জামান ইলিয়াস (অনুবাদ)
260 ## - PUBLICATION, DISTRIBUTION, ETC. (IMPRINT)
Place of publication, distribution, etc ঢাকা:
Name of publisher, distributor, etc মাওলা ব্রাদার্স ;
Date of publication, distribution, etc ২০০৮
300 ## - PHYSICAL DESCRIPTION
Pagination ১৫১ পৃ.;
Dimensions ২২ সেমি
650 ## - SUBJECT ADDED ENTRY--TOPICAL TERM
Topical term or geographic name as entry element Biography
942 ## - ADDED ENTRY ELEMENTS (KOHA)
Source of classification or shelving scheme Dewey Decimal Classification
Koha item type Books
Koha issues (borrowed), all copies 1
Holdings
Source of classification or shelving scheme Damaged status Not for loan Home library Current library Date of accession Source of acquisition Total Checkouts Full call number Barcode Date last seen Date checked out Copy number Koha item type
Dewey Decimal Classification     JCC Rouf Library JCC Rouf Library 11/07/2017 Zahedee Foundation 1 925 DOG 2008 4713 12/22/2022 11/24/2022 C-1 Books

JCC Library | Contacts | JCC Home

Last Update on 23 September 2017
Copyright @ 2017-2020 JCC Rouf Library
Rouf Library, Jhenidah Cadet College (JCC), Bangladesh